Acquiring and developing church real estate (Record no. 3806)
[ view plain ]
| 000 -LEADER | |
|---|---|
| fixed length control field | 00615nam a2200229I 4500 |
| 001 - CONTROL NUMBER | |
| control field | 1425763 |
| 003 - CONTROL NUMBER IDENTIFIER | |
| control field | OSt |
| 005 - DATE AND TIME OF LATEST TRANSACTION | |
| control field | 20181122170810.0 |
| 008 - FIXED-LENGTH DATA ELEMENTS--GENERAL INFORMATION | |
| fixed length control field | 750702|1965||||||| |||| ||eng u |
| 010 ## - LIBRARY OF CONGRESS CONTROL NUMBER | |
| LC control number | 65024694 |
| 040 ## - CATALOGING SOURCE | |
| Transcribing agency | ORL |
| Modifying agency | CNC |
| 082 ## - DEWEY DECIMAL CLASSIFICATION NUMBER | |
| Classification number | 254.8 |
| Item number | S856A |
| 100 1# - MAIN ENTRY--PERSONAL NAME | |
| Personal name | Stiles, Joseph |
| 245 10 - TITLE STATEMENT | |
| Title | Acquiring and developing church real estate |
| 260 ## - PUBLICATION, DISTRIBUTION, ETC. | |
| Place of publication, distribution, etc. | Englewood Cliffs, N.J., |
| Name of publisher, distributor, etc. | Prentice-Hall |
| Date of publication, distribution, etc. | [1965] |
| 300 ## - PHYSICAL DESCRIPTION | |
| Extent | 189 p. |
| Dimensions | 21 cm |
| 490 0# - SERIES STATEMENT | |
| Series statement | Church business management series |
| 504 ## - BIBLIOGRAPHY, ETC. NOTE | |
| Bibliography, etc. note | Bibliography: p. 179-180 |
| 650 #0 - SUBJECT ADDED ENTRY--TOPICAL TERM | |
| Topical term or geographic name entry element | Church property |
| 650 #0 - SUBJECT ADDED ENTRY--TOPICAL TERM | |
| Topical term or geographic name entry element | Church management |
| 942 ## - ADDED ENTRY ELEMENTS (KOHA) | |
| Source of classification or shelving scheme | Dewey Decimal Classification |
| Koha item type | Books |
| Withdrawn status | Lost status | Source of classification or shelving scheme | Damaged status | Not for loan | Collection code | Home library | Current library | Shelving location | Date acquired | Cost, normal purchase price | Total Checkouts | Full call number | Barcode | Date last seen | Price effective from | Koha item type |
|---|---|---|---|---|---|---|---|---|---|---|---|---|---|---|---|---|
| Dewey Decimal Classification | Not For Loan | Non-fiction | Harvest Mission College | Harvest Mission College | General Stacks | 22.11.2018 | 150.00 | 254.8 S856A | 004437 | 22.11.2018 | 22.11.2018 | Books |
